Presupuestos con Microsoft Excel (Registro nro. 115)

Detalles MARC
000 -LEADER
fixed length control field 01565 a2200229 4500
001 - CONTROL NUMBER
control field 146
005 - DATE AND TIME OF LATEST TRANSACTION
control field 20260407155413.0
008 - FIXED-LENGTH DATA ELEMENTS--GENERAL INFORMATION
fixed length control field 260407a2003 arg spa d
003 - CONTROL NUMBER IDENTIFIER
control field AR-UNSa-BCEJYS
040 ## - CATALOGING SOURCE
Original cataloging agency AR-UNSa-BCEJYS
Language of cataloging spa
Transcribing agency AR-UNSa-BCEJYS
080 ## - UNIVERSAL DECIMAL CLASSIFICATION NUMBER
Universal Decimal Classification number 657.312
Common auxiliary subdivision Tipo de presupuestos
020 ## - INTERNATIONAL STANDARD BOOK NUMBER
International Standard Book Number 978-987-1046-21-8
041 ## - LANGUAGE CODE
Language code of text/sound track or separate title spa
100 1# - MAIN ENTRY--PERSONAL NAME
Personal name Rodríguez, Mariano
245 10 - TITLE STATEMENT
Title Presupuestos con Microsoft Excel
Name of part/section of a work nociones básicas
264 #1 - PRODUCTION, PUBLICATION, DISTRIBUTION, MANUFACTURE, AND COPYRIGHT NOTICE
Date of production, publication, distribution, manufacture, or copyright notice 2003
300 ## - PHYSICAL DESCRIPTION
Extent 142 p.
Dimensions 21 cm
505 ## - FORMATTED CONTENTS NOTE
Formatted contents note 1. Introducción - 2. Nociones básicas - 3. El proceso presupuestario - 4. Implementación de presupuestos - 5.Ventajas y limitaciones - 6. El presupuesto como técnica de control - 7. Esquema presupuestario - 8. Presupuesto económico - 9. Presupuesto de ventas (o de prestación de servicios) - 10. Presupuesto de producción y compras - 11. Presupuesto de costos de compras - 12. Seguimiento del presupuesto de ventas y compras - 13. Presupuesto de costo y producción - 14. El presupuesto de costos administrativos, comerciales y financieros - 15. Presupuesto financiero - 16. Presupuesto de inversiones - 17. La inflación y los presupuestos - 18. Presupuesto en moneda constante - 19. Presupuesto en moneda corriente - 20. Presupuesto en moneda extranjera - 21. Presupuesto en moneda base - 22. Otra forma de pensar el presupuesto: el presupuesto en base cero
590 ## - LOCAL NOTE (RLIN)
Local note niveau_biblio:m niveau_hierar:0
856 41 - ELECTRONIC LOCATION AND ACCESS
Uniform Resource Identifier <a href="https://biblioeco.unsa.edu.ar/pmb/images/libros/Presupuestos con excel2-l117377.jpg">https://biblioeco.unsa.edu.ar/pmb/images/libros/Presupuestos con excel2-l117377.jpg</a>
Link text Imagen de portada
Electronic format type image/jpeg
942 ## - ADDED ENTRY ELEMENTS (KOHA)
Koha item type
Existencias
Withdrawn status Lost status Damaged status Not for loan Home library Current library Shelving location Date acquired Total checkouts Full call number Barcode Date last seen Price effective from Koha item type
        Biblioteca Prof. Eusebio Cleto del Rey Biblioteca Prof. Eusebio Cleto del Rey   07/04/2026   657.312 R696 L117377 07/04/2026 07/04/2026 Libro